|
|
|
|
| LEADER |
00852nam a2200217 a 4500 |
| 001 |
2126434 |
| 008 |
090615s1998 njua b 001 0 eng d |
| 010 |
|
|
|a 97036849
|
| 020 |
|
|
|a 0136067735
|
| 040 |
|
|
|a DLC
|c DLC
|d DLC
|
| 082 |
0 |
0 |
|a 658.4/012
|2 21
|
| 100 |
1 |
|
|a Coulter, Mary K.
|
| 245 |
1 |
0 |
|a Strategic management in action /
|c Mary K. Coulter.
|
| 260 |
|
|
|a Upper Saddle River, N.J. :
|b Prentice Hall,
|c c1998.
|
| 300 |
|
|
|a xvi, 383 p. :
|b ill. ;
|c 26 cm.
|
| 504 |
|
|
|a Includes bibliographical references and index.
|
| 541 |
1 |
|
|e 00014729
|
| 650 |
|
0 |
|a Strategic planning.
|
| 852 |
4 |
|
|a Ayesha Abed Library
|j General Shelf.
|
| 999 |
|
|
|c 1703
|d 1703
|
| 952 |
|
|
|0 0
|1 0
|2 ddc
|4 0
|6 658_401200000000000_COU
|7 0
|9 1559
|a BRACUL
|b BRACUL
|c GEN
|d 2009-06-28
|g 0.00
|l 4
|m 3
|o 658.4012 COU
|p 3010014729
|r 2024-06-12
|s 2024-02-14
|t 1
|w 2009-06-28
|y BK
|x No price found in the accession register.
|